Կարուսել : (Record no. 130425)
[ view plain ]
| 000 -LEADER | |
|---|---|
| fixed length control field | 00947nam a2200229 u 4500 |
| 001 - CONTROL NUMBER | |
| control field | 000343166 |
| 003 - CONTROL NUMBER IDENTIFIER | |
| control field | AM-YeHGA |
| 005 - DATE AND TIME OF LATEST TRANSACTION | |
| control field | 20250618072135.0 |
| 008 - FIXED-LENGTH DATA ELEMENTS--GENERAL INFORMATION | |
| fixed length control field | 040614s1975 ai r 000 0 arm d |
| 040 ## - CATALOGING SOURCE | |
| Original cataloging agency | AM-YeHGA |
| 041 1# - LANGUAGE CODE | |
| Language code of text/sound track or separate title | arm |
| Language code of original | bel |
| 080 ## - UNIVERSAL DECIMAL CLASSIFICATION NUMBER | |
| Universal Decimal Classification number | C(Բելոռ) |
| 090 ## - LOCALLY ASSIGNED LC-TYPE CALL NUMBER (OCLC); LOCAL CALL NUMBER (RLIN) | |
| Classification number (OCLC) (R) ; Classification number, CALL (RLIN) (NR) | Գ-77 |
| 090 ## - LOCALLY ASSIGNED LC-TYPE CALL NUMBER (OCLC); LOCAL CALL NUMBER (RLIN) | |
| -- | 131790 |
| 100 1# - MAIN ENTRY--PERSONAL NAME | |
| Personal name | Գոնչարով, Նիկոլայ |
| 245 10 - TITLE STATEMENT | |
| Title | Կարուսել : |
| Remainder of title | [Մանկական բանաստեղծություններ] / |
| Statement of responsibility, etc. | Ն. Գոնչարով; Թարգմ.՝ Գ. Օհանյան; Խմբ.՝ Գ.Գ. Բալասանյան. |
| 260 ## - PUBLICATION, DISTRIBUTION, ETC. | |
| Place of publication, distribution, etc. | Երևան : |
| Name of publisher, distributor, etc. | Հայաստան, |
| Date of publication, distribution, etc. | 1975. |
| 300 ## - PHYSICAL DESCRIPTION | |
| Extent | 32 էջ : |
| Other physical details | նկ. ; |
| Dimensions | 21 սմ. |
| 650 14 - SUBJECT ADDED ENTRY--TOPICAL TERM | |
| Topical term or geographic name entry element | Բելառուսական մանկական գրականություն |
| General subdivision | Բանաստեղծություն |
| 700 1# - ADDED ENTRY--PERSONAL NAME | |
| Personal name | Օհանյան, Գևորգ Սմբատի, |
| Dates associated with a name | 1935- |
| Relator term | թարգմ. |
| Relationship | trl |
| 700 1# - ADDED ENTRY--PERSONAL NAME | |
| Personal name | Բալասանյան, Գրիգոր Գրիգորի, |
| Dates associated with a name | 1919-2003 |
| Relator term | խմբ. |
| Relationship | edt |
| 9 (RLIN) | 1913 |
| Withdrawn status | Lost status | Damaged status | Not for loan | Collection | Home library | Current library | Date acquired | Total checkouts | Full call number | Barcode | Date last seen | Price effective from | Koha item type | Public note |
|---|---|---|---|---|---|---|---|---|---|---|---|---|---|---|
| General | Fundamental Scientific Library | Fundamental Scientific Library | 22/12/2016 | 820-93 | 220054706 | 22/12/2016 | 22/12/2016 | Գրքեր / Books | 30 Days Loan | |||||
| General | Fundamental Scientific Library | Fundamental Scientific Library | 22/12/2016 | 820-93 | 220054707 | 22/12/2016 | 22/12/2016 | Գրքեր / Books | 30 Days Loan |
ՀՀ Գիտությունների ազգային ակադեմիայի հիմնարար գիտական գրադարան = Fundamental Scientific Library of NAS RA
All site content, except where otherwise noted, is licensed under a